[Event "EU-Cup 09th Group7"]
[Site "Barcelona"]
[Date "1993.10.03"]
[Round "3"]
[White "Psakhis, Lev"]
[Black "Spraggett, Kevin"]
[Result "1-0"]
[WhiteElo "2585"]
[BlackElo "2555"]
[Annotator "Stohl,I"]
[PlyCount "103"]
[EventDate "1993.10.01"]
[EventType "team-k.o."]
[EventRounds "3"]
[EventCountry "ESP"]
[SourceTitle "EXT 2020"]
[Source "ChessBase"]
[SourceDate "2019.10.17"]
[SourceVersion "1"]
[SourceVersionDate "2019.10.17"]
[SourceQuality "1"]
[WhiteTeam "Tel-Aviv ASA Phoenix"]
[BlackTeam "Porto Boavista"]
[WhiteTeamCountry "ISR"]
[BlackTeamCountry "POR"]

1. Nf3 Nf6 2. d4 e6 3. c4 c5 4. d5 d6 5. Nc3 exd5 6. cxd5 g6 7. h3 (7. e4 a6 $5
8. a4 Bg4 9. Be2 Bg7 (9... Bxf3 10. Bxf3 Bg7 $13) 10. Nd2 Bxe2 11. Qxe2 Nbd7 $6
12. Nc4 Nb6 13. e5 $1 dxe5 14. Qxe5+ Kf8 15. Nxb6 Qxb6 16. O-O Re8 17. Qf4 h5
18. a5 Qb3 19. Qc7 h4 20. d6 Qe6 21. Bd2 Qd7 22. Rfe1 $16 {Benjamin,J-De
Firmian,N/New York op/1993/}) 7... a6 8. e4 b5 9. Bd3 Bg7 10. O-O O-O 11. Re1 (
11. Bf4 Re8 12. Re1 (12. a3 Bb7 13. Re1 Qb6 14. Qd2 Nbd7 15. Re2 c4 16. Bc2 Nc5
17. Rae1 Nfd7 18. Be3 Qc7 19. Rd1 Rac8 20. Bd4 f6 21. Be3 Ne5 22. Nd4 Qf7 $13 {
Aseev,K-Magerramov,E/Rostov op/1993/}) 12... Ra7 13. a3 Rae7 14. Qc2 Nh5 15.
Bg5 Bf6 16. Bxf6 Nxf6 17. b4 Nbd7 18. Qd2 Kg7 19. Rac1 Qb6 20. Qb2 Kg8 21. Bb1
Bb7 $132 {Ibragimov,I-Pigusov,E/S-Peterburg/1993/}) 11... Nbd7 $6 (11... Re8
$142 {/\Ra7-e7<=>} 12. Bf4 Ra7 (12... Qb6 13. a4 $5 c4 14. Bf1 b4 15. a5 Qc7
16. Na4 Nbd7 17. Qc2 Bb7 18. Bxc4 Rac8 19. Nd2 Bf8 20. Be3 $16 {Vyzmanavin,
A-Antonio,R/Beijing op/1991/}) 13. a3 h6 14. Qd2 g5 15. Bh2 Qb6 16. e5 dxe5 17.
Nxe5 Rae7 18. d6 Re6 (18... Qxd6 $4 19. Bh7+ $18) 19. Ng4 Rxe1+ 20. Rxe1 Rxe1+
21. Qxe1 Bxg4 $132 {0,5/Cramling,P-Gavrikov,V/Bern/1991/}) 12. a4 $1 (12. Bf4
Qc7 13. Qd2 c4 14. Bc2 Bb7 15. Nd4 Rfe8 16. Ndxb5 axb5 17. Nxb5 Qb6 18. Nxd6
Rec8 19. Nxc8 Rxc8 20. Rab1 Bf8 21. a3 Nc5 22. Qd4 Nfd7 23. Be3 Qb5 $44 {
Fischdick,G-Fabisch,C/Dortmund op-A/1993/}) 12... b4 (12... c4 13. Bf1 b4 14.
Na2 a5 15. Bxc4 Nc5 16. e5 $36) 13. Nb1 {[+],><c4} a5 14. Nbd2 Nb6 15. Ra2 $1
Ba6 16. Bxa6 Rxa6 17. b3 Ra7 (17... Nfd7 18. Bb2 Bxb2 19. Rxb2 Qf6 20. Rc2 $14)
18. Bb2 Re8 19. Qa1 Rc7 {/\c4} 20. Nc4 $1 $8 Nxc4 21. bxc4 Nh5 22. Bxg7 Nxg7
23. Rae2 Rce7 (23... Nh5 $142 $5 {/\Nf4,Qf6}) 24. Nd2 $36 {><a5} f5 25. e5 Nh5
(25... dxe5 26. Rxe5 $16 {><c5,a5}) 26. e6 (26. g3 $142 $16) 26... Ra7 27. Nb3
Qh4 28. Qc1 Qf6 (28... g5 29. Qc2 $1 $16) 29. Re3 g5 30. Rf3 Qg6 31. Qd1 Kg7 (
31... g4 32. hxg4 fxg4 33. Rfe3 $16) 32. Rfe3 Nf6 33. Qa1 h5 34. Qc1 g4 (34...
Kh7 $5 $14) 35. h4 f4 36. R3e2 f3 (36... Qf5 $5 $14 {<=>}) 37. Re3 fxg2 $6 (
37... Kh7 $142) 38. Nxc5 $5 Rc7 $2 (38... dxc5 39. Re5 $40 {/\Rg5,d6}) 39. Ne4
Nxe4 40. Rxe4 Qf6 41. Kxg2 $18 Rf7 42. Qe3 $1 (42. exf7 $2 Rxe4 43. Rxe4 Qf3+
44. Kg1 Qxe4 $13) 42... Qf3+ 43. Kg1 Rf5 44. Qxf3 Rxf3 (44... gxf3 45. Kh2 $18)
45. c5 $1 dxc5 46. Rd1 $1 (46. d6 Rd3 47. d7 Re7 $16) 46... b3 (46... Rf6 47.
d6 $18) 47. d6 b2 48. d7 Rb8 49. Ree1 (49. e7 $2 b1=Q 50. Rxb1 Rxb1+ 51. Kg2
Rb2 $1 $10) 49... g3 50. fxg3 Rxg3+ 51. Kh2 Rg6 (51... Rbb3 52. Rg1 $18) 52. e7
(52. e7 Rb4 53. e8=N+ $1 Kh6 54. d8=Q $18) 1-0

[Event "Dos Hermanas"]
[Site "Dos Hermanas"]
[Date "1993.??.??"]
[Round "9"]
[White "Epishin, Vladimir"]
[Black "Izeta Txabarri, Felix"]
[Result "1-0"]
[WhiteElo "2620"]
[BlackElo "2505"]
[Annotator "Stohl,I"]
[PlyCount "81"]
[EventDate "1993.04.??"]
[EventType "tourn"]
[EventRounds "9"]
[EventCountry "ESP"]
[EventCategory "14"]
[SourceTitle "CBM 036"]
[Source "ChessBase"]
[SourceDate "1993.10.01"]
[SourceVersion "1"]
[SourceVersionDate "1993.10.01"]
[SourceQuality "1"]

1. d4 Nf6 2. c4 e6 3. Nf3 c5 4. d5 d6 5. Nc3 exd5 6. cxd5 g6 7. e4 Bg7 8. h3
O-O 9. Bd3 Re8 (9... Bd7 $5 10. Bf4 (10. a4 $142 $5 $14) 10... Re8 11. O-O b5
$1 12. Bxd6 b4 13. Ne2 Nxe4 14. Bxe4 Rxe4 15. Ng3 Re8 16. Bxc5 Bb5 17. Re1 {
Khalifman,A-Maus,S/Hamburg/1991/} Na6 $1 $10 {Khalifman}) 10. O-O Bd7 (10... c4
11. Bc2 b5 12. a3 Na6 13. Be3 Bd7 14. Re1 Qc7 (14... Qb8 15. Bd4 b4 16. axb4
Nxb4 17. Bb1 a5 18. Qd2 Ra6 19. g4 Re7 20. Re3 $36 {(),->>>,Gonzales,JC-Andres,
M/Capablanca mem-C/1991/}) 15. Bf4 Nc5 16. e5 dxe5 17. Bxe5 Qb6 18. Qd4 $14 {
Dokuchaev,A-Notkin,M/Moscow6/1991/}) 11. Re1 $5 (11. Bf4 c4 $1 12. Bc2 Qb6 13.
Rb1 Na6 14. e5 dxe5 15. Nxe5 Rac8 $8 16. d6 $5 (16. Be3 {Mellado,J-Yudasin,L/
Sevilla/1993/} Qa5 17. Bd4 Nb4 $132) 16... Nb8 $1 17. Qf3 Nc6 18. Nxd7 Nxd7 19.
Ba4 $5 $14 {Fishbein,A-Larsen,B/New York/1990/}) 11... b5 12. a3 c4 13. Bc2 Na6
14. Be3 (14. Bf4 $5 Qb6 15. e5 $36) 14... Qc7 15. Qd2 {N} (15. Bd4 Nc5 16. e5
$14) 15... Nc5 16. Bd4 a5 {/\b4<=>} 17. e5 $1 $8 dxe5 18. Bxe5 Qd8 19. Qd4 Rc8
(19... Nb3 20. Bxb3 cxb3 21. Ne4 Nxe4 22. Bxg7 $40) 20. Ne4 $1 Ncxe4 21. Bxe4
c3 $5 (21... Nh5 22. d6 $5 $36 (22. Bxg7 Nxg7 $14)) 22. Bd3 $1 $8 (22. bxc3 $2
Rc4 23. Bxf6 (23. Qd3 Nxe4 24. Rxe4 Bf5 $19) 23... Bxf6 24. Qd3 Bxc3 $19) 22...
cxb2 23. Rab1 (23. Qxb2 Qb6 $5 (23... Rxe5 24. Nxe5 Nxd5 25. Bxb5 $16) 24. d6 (
24. Bd4 Qd6 $132) 24... Nh5 $13 {/\Qd6} 25. g4 $2 Nf4 $1 $36) 23... Rxe5 $6 (
23... Rc1 24. Rbxc1 bxc1=Q 25. Rxc1 $36) (23... Nh5 $5 24. Bxg7 (24. g4 f6 $1
$13 {/\f5}) 24... Rxe1+ (24... Nxg7 25. Qxb2 $14) 25. Rxe1 Nxg7 (25... Rc1 $2
26. Bh6 $18) 26. Qxb2 $14) 24. Nxe5 Be6 25. d6 $1 $16 Nd5 (25... Nd7 26. f4 $18
) 26. Rxb2 Qxd6 27. Rxb5 a4 (27... Qxa3 28. Rxd5 Bxd5 29. Qxd5 Bxe5 30. Rxe5
Qc1+ 31. Bf1 $18) 28. g3 $1 $18 (28. Bc4 $2 Bxe5 (28... Rxc4 $2 29. Nxc4 $1 $18
) 29. Qxe5 (29. Rxe5 Rxc4 30. Rxe6 Rc1+ $19) 29... Qxe5 30. Rxe5 Rxc4 31. Rbxd5
Bxd5 32. Rxd5 Rc3 $15) 28... Rd8 29. Bc4 h5 30. Ra5 Kh7 (30... Nb6 31. Qxd6
Rxd6 32. Bxe6 Rxe6 33. Nf3 Rxe1+ 34. Nxe1 Bc3 35. Ra6 $18) 31. Bxd5 Bxd5 32.
Rd1 $1 Qc7 (32... Bxe5 33. Qxd5 Qxd5 34. Rdxd5 Rxd5 35. Rxd5 Bb2 36. Rd3 $18 {
/\Kf1-e2-d2-c2}) 33. Rxd5 Bxe5 34. Qe4 Rxd5 $8 (34... Re8 35. Rd7) 35. Rxd5
Bxg3 36. Rxh5+ $1 $40 (36. fxg3 $18) 36... Kg7 (36... Kg8 37. Qe8+ Kg7 38. Qh8#
) 37. Qd4+ f6 38. Rd5 Qc1+ $8 39. Kg2 Be5 40. Rd7+ Kf8 41. Rd8+ (41. Rd8+ Kg7
42. Qd7+ Kh6 43. Rh8+ Kg5 44. Qg4#) 1-0

[Event "Groningen PCA"]
[Site "Groningen"]
[Date "1993.??.??"]
[Round "1"]
[White "Azmaiparashvili, Zurab"]
[Black "Ljubojevic, Ljubomir"]
[Result "1-0"]
[WhiteElo "2630"]
[BlackElo "2595"]
[Annotator "Stohl,I"]
[PlyCount "83"]
[EventDate "1993.12.??"]
[EventType "swiss"]
[EventRounds "11"]
[EventCountry "NED"]
[SourceTitle "CBM 039"]
[Source "ChessBase"]
[SourceDate "1994.04.01"]
[SourceVersion "1"]
[SourceVersionDate "1994.04.01"]
[SourceQuality "1"]

1. d4 {Chekhov} Nf6 2. c4 c5 3. d5 g6 4. Nc3 Bg7 5. e4 d6 6. Bd3 O-O 7. h3 e6
8. Nf3 exd5 9. cxd5 Re8 (9... b6 $5 10. O-O Ba6 11. Bf4 c4 12. Bc2 b5 13. a3
Nh5 14. Bh2 Qb6 15. g4 $6 (15. e5 $142 $36) 15... Nf6 16. e5 dxe5 17. Nxe5 Nbd7
18. Nc6 Bb7 19. Bd6 Rfe8 20. a4 Nxd5 $1 $17 {Rustemov,A-Gufeld,E/Alushta op/
1993/}) 10. O-O c4 11. Bc2 (11. Bxc4 {Chekhov} Nxe4 12. Nxe4 Rxe4 13. Bg5 Bf6
14. Bd3 (14. Qc2 Re8 15. Bxf6 Qxf6 16. Rfe1 Rd8 17. Nd2 Bf5 18. Bd3 Bxd3 19.
Qxd3 Nd7 20. b4 {Ionov,S-Totsky,L/Rossia(ch)/1992/ Inf 57/99/} a5 $1 $10) 14...
Re8 15. Qa4 $1 Bxg5 (15... Nd7 16. Qh4 $36) 16. Nxg5 Re5 17. f4 Rxd5 18. Rae1
Nc6 19. Qb3 Rxg5 20. fxg5 Be6 21. Qxb7 Ne5 22. Be4 Rb8 23. Qxa7 Rxb2 {Wells,
P-Totsky,L/Harkany/1992/1:0 (32) Inf 57/99/} 24. Rf2 $1 $16) 11... Bd7 (11...
b5 12. Nxb5 Nxe4 13. Bxe4 $5 Rxe4 14. Nd2 Rh4 15. Re1 Ba6 16. a4 Bxb5 17. axb5
Rd4 18. Qe2 Nd7 19. Nxc4 Rxd5 20. Bf4 Rxb5 21. Nxd6 Rxb2 22. Qf3 Qf8 23. Rad1
$44 {->/Magerramov,E-Wedberg,T/Andorra/1993/}) (11... Na6 $5 12. Be3 Bd7 13.
Bd4 Nb4 14. Bb1 b5 15. a3 Na6 16. Re1 Nc7 17. b3 Qc8 18. bxc4 bxc4 19. Ba2 Nb5
20. Nxb5 Bxb5 21. a4 Ba6 22. Rc1 Re7 $13 {Biliskov,V-Dumitrache,D/Budapest IM/
1993/}) 12. Bf4 Qb6 (12... Qc7 $6 13. Re1 Na6 14. a3 Nc5 15. Qd2 b5 16. e5 dxe5
17. Bxe5 Qb6 18. Qd4 Na6 19. Qh4 Qd8 20. Rad1 Nc5 21. Qd4 Rc8 22. d6 $16 {
Sturua,Z-Hulak,K/Manila olm/1992/}) 13. Rb1 (13. Qd2 Na6 14. e5 dxe5 15. Bxe5
Nb4 16. Bb1 Rad8 17. a3 Nd3 18. Bxd3 cxd3 19. Qxd3 Bf5 20. Qc4 Qxb2 $15 {
Mikhalevski,V-Moldovan,D/WchJ-Mamaia/1991/}) 13... Na6 (13... Nh5 {Chekhov} 14.
Be3 $16) 14. b4 $1 $146 (14. e5 dxe5 15. Nxe5 Rac8 16. d6 $5 (16. Be3 Nc5 (
16... Qa5 $1 {Chekhov} 17. Bd4 Nb4 18. Nxd7 Nxd7 19. Bxg7 Kxg7 20. Ba4 Red8 $10
) 17. Bd4 Qa6 18. b4 cxb3 19. axb3 Bf5 20. Bxf5 gxf5 21. Qf3 Nce4 $132 {
Mellado,J-Yudasin,L/Sevilla op/1993/}) 16... Nb8 17. Qf3 Nc6 18. Nxd7 Nxd7 19.
Ba4 $1 Qa5 20. Bxc6 Rxc6 21. Rfe1 $16 {Fishbein,A-Larsen,B/New York WFW/1990/})
(14. a3 Nc5 15. Re1 Qa6 16. e5 dxe5 17. Nxe5 Bf5 $6 (17... Rad8 $142 $132) 18.
Bxf5 gxf5 19. Rc1 Rad8 20. Bg5 Nfe4 21. Nxe4 fxe4 22. Bxd8 Bxe5 23. Bh4 $16 {
Lalic,B-Wedberg,T/Andorra/1993/}) 14... cxb3 $8 (14... Nxb4 $2 15. a3 a5 16.
Be3 $18) (14... Rac8 15. Be3 $16 {פa6}) (14... Nh5 $2 {Chekhov} 15. Be3 $16)
15. Rxb3 Qc7 {?! Chekhov} (15... Qc5 $5 {Chekhov} 16. Be3 (16. Qd2 b5 17. Be3
Qc7 $132) 16... Qc7 17. Nd4 Nc5) 16. Nd4 {><d6,/\Ncb5} Rad8 17. Ndb5 Bxb5 $8
18. Nxb5 Qe7 19. Re3 $16 Nh5 (19... Nc5 $142 20. Nxd6 $5 (20. Rfe1 {/\Nd6!} Nh5
$5 21. Bh2 a6 $132) 20... Rxd6 21. e5 Rxd5 (21... Nxd5 22. exd6 Nxe3 23. dxe7
Nxd1 24. Rxd1 Ne6 (24... Rxe7 25. Bd6 Re2 26. Bxc5 Rxc2 27. Rd8+ $18) 25. Bd6
Bf6 26. Ba4 $16) (21... Rdd8 22. d6 $16) 22. exf6 Qxe3 $1 $8 (22... Rxd1 23.
Rxe7 $1 Rxf1+ 24. Kxf1 $18) 23. Bxe3 Rxd1 24. Rxd1 Bf8 (24... Rxe3 $2 25. Rd8+
Bf8 26. fxe3 $18) 25. g4 $16 {עg8}) 20. Bh2 Nc5 (20... Bh6 {Chekhov} 21. f4)
21. g4 $1 Nf6 22. Rfe1 Bh6 23. R3e2 $36 {/\Nd6,e5} Nxg4 $6 (23... a6 {Chekhov}
24. Nxd6 Rxd6 25. Bxd6 Qxd6 26. e5) 24. hxg4 Qd7 25. Nd4 Qxg4+ 26. Kh1 Re5 (
26... Bf4 27. f3 Qh3 28. Kg1 $18) 27. Bxe5 dxe5 28. f3 $1 $8 Qf4 29. Nb3 Qxf3+
30. Rg2 $18 Qc3 31. Nxc5 Qxc5 32. Bb3 Qb4 33. Rc2 Bf4 34. Qe2 Qe7 35. Qg4 Kg7
36. Rf1 h5 37. Qh3 Qg5 38. Rc7 $40 {/\d6} Rd6 39. Rxb7 a5 40. Ba4 Rf6 41. Rg1
Qh6 42. Rb8 {/\Qc8} 1-0

[Event "St Petersburg-ch"]
[Site "St Petersburg"]
[Date "1996.??.??"]
[Round "11"]
[White "Epishin, Vladimir"]
[Black "Nepomnishay, Mikhail I"]
[Result "1-0"]
[WhiteElo "2620"]
[BlackElo "2480"]
[Annotator "Stohl,I"]
[PlyCount "71"]
[EventDate "1996.04.??"]
[EventType "tourn"]
[EventRounds "13"]
[EventCountry "RUS"]
[EventCategory "11"]
[SourceTitle "CBM 056"]
[Source "ChessBase"]
[SourceDate "1997.02.01"]
[SourceVersion "1"]
[SourceVersionDate "1997.02.01"]
[SourceQuality "1"]

1. d4 Nf6 2. c4 e6 3. Nf3 c5 4. d5 d6 5. Nc3 exd5 6. cxd5 g6 7. e4 Bg7 8. h3
O-O 9. Bd3 b5 10. Nxb5 Re8 11. O-O (11. Nd2 Nxd5 12. Nc4 Nb4 13. Be2 Ba6 14.
Nbxd6 Re6 15. Bf4 Nd7 16. O-O Ne5 17. Bxe5 Bxe5 18. a3 {Sapis,W-Morchat,M/corr/
1992/} Rxd6 $1 19. Nxd6 Qxd6 20. axb4 Qxd1 21. Rfxd1 Bxe2 22. Rd2 Bb5 23. bxc5
a6 $10) (11. Bg5 $5 Qb6 12. Bxf6 Bxf6 13. Qb3 Na6 14. O-O Nb4 15. Nd2 Nxd3 16.
Qxd3 Ba6 17. a4 Reb8 18. Qf3 Bxb5 19. axb5 Bxb2 20. Ra2 Bd4 21. Rb1 Qc7 22. Nc4
Qd7 23. Qg4 $36 {Zakharevich,I-Berelovich,A/Azov/1995/}) 11... Nxe4 12. Qb3 $5
{Epishin's novelty, which Karpov later used against Kamsky in Elista (Epishin
is Karpov's second.) The text (and also 12.Qa4!?) became more popular after
Black found ways to cope with the usual 12.Re1. Another interesting try is San
Segundo's 12.Be4 Re4 13.Re1!?} (12. Bxe4 Rxe4 13. Re1 $5 (13. Nd2 Rb4 14. Nc3
Nd7 15. a3 Rd4 16. Qe2 a5 17. Re1 Ne5 18. Nde4 Ba6 19. Qe3 f5 $17 {Peric,
St-Hamdouchi,H/Cannes op/1992/}) (13. Bg5 f6 14. Bd2 a6 (14... Bb7 15. Nc3 Re7
16. Bf4 Na6 17. Nd2 Nc7 18. Nde4 Rd7 19. Re1 h6 20. Qb3 Ba6 21. Rad1 Rb8 22.
Qc2 f5 23. Ng3 Rb4 $15 {Kawczynski,L-Skrobek,R/Slupsk op/1992/}) 15. Nc3 Re8
16. Bf4 g5 17. Bg3 f5 18. Nd2 f4 19. Bh2 Nd7 20. Nce4 Ne5 21. h4 h6 22. hxg5
hxg5 23. Qh5 Nf7 24. Rae1 Bf5 25. g4 Bh7 26. b3 Bd4 27. Kg2 Kg7 $36 {Sulava,
N-Cebalo,M/CRO-ch/1995/}) 13... Rxe1+ 14. Qxe1 Bb7 (14... Ba6 15. Bg5 Qd7 16.
Nc3 h6 17. Bf4 Bb7 18. Ne4 Bxd5 19. Bxh6 Qe7 20. Bxg7 Kxg7 21. Nc3 Qxe1+ 22.
Nxe1 Be6 23. Rd1 Nc6 24. Rxd6 Nd4 25. Nd3 Rc8 26. Nxc5 Nf3+ 27. gxf3 Rxc5 28.
h4 $16 {Annakov,B-Ciemniak,R/WchJ-Buenos Aires/1992/}) (14... Nd7 15. Bf4 Nf6
16. Rd1 Bb7 17. Nxd6 Bxd5 18. Qe2 Qb6 19. b3 Qc6 20. Rd3 Bf8 21. Qe5 Nh5 22.
Qxd5 Qxd5 23. Rxd5 Nxf4 24. Rd2 a5 25. Nc4 Bg7 26. g3 Ne6 27. a4 $1 $16 {
[%csl Ra5] ><a5_|_,San Segundo,P-Soylu,S/Moscow olm/1994/}) 15. Bf4 Qd7 16. Qe2
a6 17. Nc3 Qf5 18. Bxd6 Nd7 19. Rd1 Bxc3 20. bxc3 Bxd5 21. Nh2 Qe6 22. Qxe6
Bxe6 23. a3 Rc8 24. Ng4 $14 {San Segundo,P-Martin del Campo,R/Antwerpen-Wch
stud/1992/}) (12. Qc2 a6 13. Na3 Nf6 14. Bg5 Nbd7 15. Nc4 Nb6 16. Rfe1 Rxe1+
17. Rxe1 Nbxd5 18. Be4 Nb4 19. Qd1 d5 20. a3 Bb7 21. axb4 dxe4 22. Nfe5 Qc7 23.
bxc5 Nd5 24. Ng4 h5 25. Nge3 Qxc5 $17 {Bellin,J-Sher,MN/Isle of Man op/1995/})
12... a6 $8 (12... Qb6 13. Bf4 {[%cal Rb5d6] ><d6,/\Nd6} Bd7 14. Rfe1 $1 (14.
Nxd6 Nxd6 15. Qxb6 axb6 16. Bxd6 Bxb2 $13) 14... Na6 (14... a6 15. Nxd6 $16)
15. Nxd6 Nxd6 16. Qxb6 axb6 17. Bxd6 Bxb2 18. Rxe8+ Bxe8 19. Rb1 $16) (12...
Bd7 13. Re1 a6 14. Na3 Nf6 15. Bf4 $36) 13. Na3 Nd7 (13... Nf6 14. Bf4 $16) (
13... a5 $5 14. Re1 a4 15. Qc2 Nf6 16. Bg5 Bd7 17. Nc4 Qc7 18. Qd2 Bb5 $2 (
18... Na6 $5 $132) 19. Nxd6 Qxd6 20. Bxb5 Rd8 21. Rad1 Nbd7 22. Bc6 Ra7 23. Bf4
Qf8 24. Qc2 a3 25. bxa3 Rxa3 26. Ne5 $18 {Horvath,J-Palkovi,J/Balatonbereny/
1996/}) 14. Nc4 Ndf6 $6 (14... Rb8 $142 $1 15. Qc2 f5 16. Bf4 Nb6 17. Nxb6 Qxb6
18. Rab1 Bd7 19. Nd2 Nxd2 20. Qxd2 Bd4 21. Rfe1 Rxe1+ 22. Qxe1 Re8 23. Qd2 a5
24. b3 Be5 25. a3 Bb5 26. Bxb5 Qxb5 27. Bxe5 Rxe5 28. Re1 $10 {Karpov,
An-Kamsky,G (15)/Fide-Wch (Elista)/1996/}) 15. Re1 {[%csl Re4][%cal Rb3c2]
><e4,/\Qc2} Ra7 $8 16. Qb6 $1 Qxb6 (16... Rae7 17. Qxd8 Rxd8 18. Na5 $16) (
16... Rc7 17. Bxe4 Rxe4 18. Rxe4 Nxe4 19. Bf4 $36) (16... Qd7 17. Qa5 $5 $40 (
17. Qc6 Qxc6 18. dxc6 d5 19. Nb6 Be6 $132)) 17. Nxb6 Bf5 18. a4 $5 (18. g4 Nd2
$1 19. Rxe8+ Nxe8 $132) 18... a5 (18... Nd2 $142 $5 19. Rxe8+ Nxe8 20. Bxd2
Bxd3 21. Re1 Nf6 $14 (21... Kf8 22. b4 $36)) 19. Bb5 Rb8 20. g4 $1 Rxb6 $8 (
20... Bxg4 $2 21. hxg4 Rxb6 22. g5 $18) 21. gxf5 Rbb7 (21... gxf5 22. Nh4 Nxd5
23. Nxf5 Nef6 24. Ra3 $40) 22. Ra3 $1 {Black's Ne4 is exposed and a permanent
cause of Black's problems, as it has no retreat.} Re7 (22... gxf5 23. Nh4 $16)
23. fxg6 hxg6 24. Rae3 Bh6 (24... Kf8 25. R3e2 $18 {/\Bd3}) 25. Rxe4 $1 Rxe4
26. Bxh6 (26. Rxe4 $4 Bxc1 $15) 26... Rxe1+ 27. Nxe1 Nxd5 28. Nc2 $1 $16 {
[%csl Gb5,Gh6,Ra5][%cal Yh6d2,Yc2a3,Ya3c4] /\Na3-c4,Bd2,><a5,^^ In the endgame
with an untypical material balance White's B are very powerful. Black's R on
the other hand has no possibility to invade White's position.} Nc7 (28... Nb4
29. Nxb4 cxb4 (29... axb4 30. b3 d5 31. Be3 $18) 30. Bc4 $16) 29. Bf4 Nxb5 $6 (
29... d5 30. Bd6 $16) 30. axb5 $18 {[%csl Gb5] o^b} Rb7 31. Na3 Rb6 (31... d5
32. Bd6 c4 33. Bc5 $18) 32. Bg5 $1 {[%cal Rg5d8] /\Bd8} d5 (32... Rb8 33. Be7
$18) 33. Bd8 Re6 (33... Rb7 34. b6 Kf8 35. Nb5 $18) 34. Kf1 (34. b6 Re2 35. b4
$1 axb4 (35... Re8 36. bxc5 Rxd8 37. c6 $18) 36. b7 bxa3 37. b8=Q a2 38. Bf6+
$18) 34... Re4 35. Bxa5 Ra4 36. b6 $1 (36. b6 Rxa5 37. b7 $18) 1-0

[Event "Reykjavik zt 1.3"]
[Site "Reykjavik"]
[Date "2000.09.06"]
[Round "1.2"]
[White "Nielsen, Peter Heine"]
[Black "Wedberg, Tom Birger"]
[Result "1/2-1/2"]
[WhiteElo "2578"]
[BlackElo "2473"]
[Annotator "Stohl,I"]
[PlyCount "99"]
[EventDate "2000.09.05"]
[EventType "k.o."]
[EventRounds "3"]
[EventCountry "ISL"]
[SourceTitle "CBM 079"]
[Source "ChessBase"]
[SourceDate "2000.11.21"]
[SourceVersion "1"]
[SourceVersionDate "2000.11.21"]
[SourceQuality "1"]

1. d4 {Wedberg} Nf6 2. Nf3 e6 3. c4 c5 4. d5 d6 5. Nc3 exd5 6. cxd5 g6 7. h3
Bg7 8. e4 O-O 9. Bd3 Re8 10. O-O c4 11. Bc2 b5 12. Nxb5 Nxe4 13. Bxe4 Rxe4 14.
Nd2 Rh4 15. Re1 (15. Qc2 $2 Bxh3 $1 16. Ne4 (16. gxh3 $2 Qg5+ 17. Kh2 Qg4 $19)
16... Qd7 17. a4 Bxg2 18. Nexd6 Rh1+ 19. Kxg2 Qh3# {Sanz Arilla,L-Fuertes
Garay,J/Zaragoza/1999/}) 15... Ba6 (15... a6 $2 16. Nxd6 $1 Qxd6 17. Re8+ Bf8
18. Rxc8 Qxd5 19. Qf3 Qd7 20. Rxf8+ {1-0,Jaworski,M-Delekta,P/Mikolajki
POL-chT/1991/}) (15... Bxh3 $5 16. gxh3 Qd7 17. Qf3 Qxb5 18. Re7 $13) 16. a4
Bxb5 17. axb5 Nd7 (17... Rd4 $2 18. b6 $1 Nd7 19. bxa7 Rxd5 20. Qf3 Rd3 21. Qb7
d5 22. Nf3 Nc5 23. Qc6 Nb3 24. Bg5 f6 25. Qe6+ Kh8 26. Ne5 Qf8 27. Nd7 Nc5 28.
Nxf8 Nxe6 29. Nxe6 {1-0,Krasenkow,M-Bu Xiangzhi/Shenyang/1999/}) 18. Ne4 (18.
Nf3 {Wedberg} Rh5 19. g4 Rxh3 20. Kg2 Rxf3 21. Qxf3 Ne5 $13 {0-1/Cramling,
P-Wedberg,T/Stockholm/1995}) 18... Qb8 $1 $146 {[%mdl 8] Wedberg: 'The best
square for the Q.'} (18... Qb6 $143 19. Ra6 Qxb5 20. Rxd6 Ne5 21. Nf6+ $1 Bxf6
22. Rxf6 Nd3 23. Re7 $40 {'|^' Wedberg. Wedberg: 'Stohl'}) 19. Ra6 (19. Bg5
$143 Rh5 20. Bf4 Qxb5 21. Nxd6 Qxb2 $5 (21... Qxd5 22. Qc2 Ne5 $5 $15) 22. Rc1
Nb6 $15) (19. Qf3 $6 Ne5 (19... Rh5 $2 20. Ng5 Ne5 21. Rxe5 Bxe5 22. Qxf7+ Kh8
23. g4 Rxg5 (23... Rh6 24. Qf3 $18) 24. Bxg5 Bxb2 25. Ra6 $16) 20. Qg3 (20.
Nf6+ Kh8 21. Rxe5 dxe5 {/\} 22. Nd7 Qe8 $19 {With his Q on b6 Black didn't
have this resource and the exchange sacrifice was interesting.}) 20... Rh5 21.
Bf4 Nd3 22. Bxd6 Qxb5 $17) 19... Rxe4 $1 {[%mdl 256] The point of Black's
18-th move, by cimplifying he defends successfully. Wedberg: 'This is the
difference. Black equalizes immediately.'} (19... Qxb5 $6 20. Rxd6 {-19...Qb6})
(19... Qxb5 {Wedberg}) 20. Rxe4 Nc5 $11 21. Rxc4 (21. Re7 {Wedberg} Bf6 22. Re1
Nxa6 23. bxa6 Qb5 $15) 21... Qxb5 (21... Nxa6 $2 22. bxa6 Bxb2 (22... Qb5 23.
Rc6 $16) 23. Be3 $16 (23. Bf4 $16)) 22. Rxc5 {'[]' Wedberg.} (22. Raa4 {Wedberg
} Nxa4 23. Rxa4 Bxb2 $17) 22... dxc5 $5 (22... Qxc5 23. Be3 $36) 23. Qf1 (23.
Rc6 Rd8 24. Rc7 Qb6 $15) (23. Ra3 c4 $5 24. d6 a6 {[%csl Rb2,Rd6] /\Rd8,><b2,d6
}) 23... Qb3 (23... c4 {Wedberg} 24. Rc6 Qxd5 25. Rxc4 $11) 24. d6 Qd5 25. Qe2
Be5 26. Qf3 $5 $11 {'?!' Wedberg.} (26. d7 Qxd7 27. Qxe5 Qd1+ 28. Kh2 Qxc1 29.
Rxa7 Rxa7 30. Qb8+ Kg7 31. Qxa7 $11) (26. Qd2 Qxd2 27. Bxd2 Rd8 $15) (26. Bh6 {
Wedberg} Bxd6 27. Rxa7 $11) 26... Qxf3 27. gxf3 Rd8 28. Rxa7 Bxd6 {Wedberg:
'Black has a miniscule advantage.'} 29. Be3 (29. Bh6 Bf8 $11) 29... Kg7 30. Ra6
Be7 31. Rc6 Rd5 32. Kg2 Bd6 33. f4 f5 34. Kf3 Kf7 35. Ke2 Ke6 36. b3 h5 (36...
Kd7 37. Ra6 $11) 37. Ra6 Kd7 38. Ra7+ Ke6 39. Ra2 (39. Rg7 $11 {Wedberg}) 39...
g5 {'!?' Wedberg.} (39... Kd7 $142 $11) 40. fxg5 f4 41. Bc1 Rxg5 42. Ra4 Rf5
43. Kf3 Kd5 (43... Rf7 44. Bxf4 Rb7 $2 45. Ra6 Rxb3+ 46. Ke2 Rb2+ 47. Ke1 Rb1+
48. Kd2 $18) 44. Bxf4 Rf7 $1 45. Ke3 (45. Re4 {Wedberg} Bxf4 46. Rxf4 Rb7 47.
Rf5+ Kd4 48. Rxh5 Rxb3+ $44) 45... Rb7 46. Bxd6 Rxb3+ 47. Kd2 Kxd6 48. Rh4 Rf3
49. Rxh5 (49. Ke2 Rf5 $11) 49... Rxf2+ 50. Kc3 1/2-1/2